[Event "Southwest Class-ch 10th"]
[Site "Fort Worth"]
[Date "2019.02.17"]
[Round "7"]
[White "Kovalyov, Anton"]
[Black "Xiong, Jeffery"]
[Result "1-0"]
[WhiteElo "2615"]
[BlackElo "2666"]
[PlyCount "77"]
[EventDate "2019.02.14"]
[EventType "swiss"]
[EventRounds "9"]
[EventCountry "USA"]
[SourceTitle "EXT 2020"]
[Source "ChessBase"]
[SourceDate "2019.10.17"]
[SourceVersion "1"]
[SourceVersionDate "2019.10.17"]
[SourceQuality "1"]

1. c4 g6 2. Nf3 Bg7 3. d4 Nf6 4. e3 0-0 5. Be2 d6 6. 0-0 e5 7. dxe5 dxe5 8. Nxe5 Qe7 9. Nd3 Rd8 10. Qb3 Na6 11. Nc3 c6 12. f3 Nh5 13. Ne4 Be6 14. a4 f5 15. Nef2 Qf7 16. Qc2 Kh8 17. f4 Qg8 18. Ne5 Nf6 19. Bd2 Nd7 20. Nf3 Qf8 21. a5 Ndc5 22. Rab1 Rxd2 23. Qxd2 Rd8 24. Qe1 Nb3 25. Nd3 Nac5 26. Nde5 Bxe5 27. Nxe5 Nd2 28. Rd1 Nce4 29. Bf3 Nxf1 30. Nxg6+ hxg6 31. Qh4+ Kg7 32. Rxd8 g5 33. Rxf8 gxh4 34. Rb8 Nxe3 35. Rxb7+ Kf6 36. Rxa7 Nxc4 37. a6 Bd5 38. Rb7 c5 39. Rb8 1-0

[Event "Pan American Intercollegiate-chT"]
[Site "Burlingame"]
[Date "2018.12.29"]
[Round "4.2"]
[White "Kovalyov, Anton"]
[Black "Shimanov, Aleksandr"]
[Result "1/2-1/2"]
[WhiteElo "2621"]
[BlackElo "2610"]
[PlyCount "30"]
[EventDate "2018.12.27"]
[EventType "team-swiss"]
[EventRounds "6"]
[EventCountry "USA"]
[SourceTitle "CBM 188 Extra"]
[Source "ChessBase"]
[SourceDate "2019.02.26"]
[SourceVersion "1"]
[SourceVersionDate "2019.02.26"]
[SourceQuality "1"]
[WhiteTeam "Texas Dallas Univ"]
[BlackTeam "Webster"]
[WhiteTeamCountry "USA"]
[BlackTeamCountry "USA"]

1. c4 c5 2. Nf3 Nf6 3. Nc3 Nc6 4. g3 d5 5. cxd5 Nxd5 6. Bg2 g6 7. d3 Bg7 8. Bd2 0-0 9. 0-0 e6 10. Qc1 b6 11. Bh6 Bb7 12. Bxg7 Kxg7 13. Rd1 Rc8 14. Qd2 Nf6 15. d4 Qe7 1/2-1/2

[Event "Montreal Varennes op"]
[Site "Montreal"]
[Date "2018.10.07"]
[Round "5"]
[White "Gomez Garrido, Camilo Ernesto"]
[Black "Kovalyov, Anton"]
[Result "0-1"]
[WhiteElo "2497"]
[BlackElo "2629"]
[PlyCount "118"]
[EventDate "2018.10.05"]
[EventType "swiss"]
[EventRounds "5"]
[EventCountry "CAN"]
[SourceTitle "CBM 187 Extra"]
[Source "ChessBase"]
[SourceDate "2018.11.04"]
[SourceVersion "1"]
[SourceVersionDate "2018.11.04"]
[SourceQuality "1"]

1. e4 c5 2. Nf3 d6 3. d4 cxd4 4. Nxd4 Nf6 5. Nc3 a6 6. Bg5 Nbd7 7. Bc4 Qb6 8. Bb3 e6 9. Qd2 Be7 10. 0-0-0 Nc5 11. f3 h6 12. Be3 Qc7 13. g4 b5 14. Kb1 Bd7 15. a3 Qb7 16. h4 b4 17. axb4 Qxb4 18. g5 Nh5 19. gxh6 gxh6 20. Ba2 Rb8 21. Nb3 Nxb3 22. Bxb3 a5 23. Bd4 Rf8 24. Ne2 Qxd2 25. Rxd2 Rg8 26. Bc4 Rg6 27. c3 e5 28. Be3 f5 29. exf5 Bxf5+ 30. Bd3 Bxd3+ 31. Rxd3 Ng7 32. Rg1 Rxg1+ 33. Bxg1 Nf5 34. f4 Kf7 35. fxe5 dxe5 36. Rd5 Ke6 37. Rxa5 Rg8 38. Ra6+ Kd5 39. Ra5+ Ke4 40. c4 Nxh4 41. Nc3+ Kf5 42. Bb6 Bb4 43. Ra7 Bxc3 44. bxc3 h5 45. c5 Nf3 46. Rf7+ Kg4 47. Kc2 h4 48. c6 h3 49. c7 h2 50. Rg7+ Rxg7 51. c8Q+ Kg3 52. Qh8 Rg4 53. Qh5 Rg5 54. Qh6 Kg2 55. Be3 Rg3 56. Bf4 exf4 57. Qe6 h1Q 58. Qe2+ Kg1 59. Qd1+ Kh2 0-1

[Event "Montreal Varennes op"]
[Site "Montreal"]
[Date "2018.10.05"]
[Round "1"]
[White "Kovalyov, Anton"]
[Black "Cazelais, Marc"]
[Result "1-0"]
[WhiteElo "2629"]
[BlackElo "2164"]
[PlyCount "57"]
[EventDate "2018.10.05"]
[EventType "swiss"]
[EventRounds "5"]
[EventCountry "CAN"]
[SourceTitle "CBM 187 Extra"]
[Source "ChessBase"]
[SourceDate "2018.11.04"]
[SourceVersion "1"]
[SourceVersionDate "2018.11.04"]
[SourceQuality "1"]

1. c4 g6 2. d4 Bg7 3. e4 d6 4. Nc3 Nc6 5. Nge2 e5 6. d5 Nce7 7. h4 f5 8. h5 gxh5 9. Ng3 Nf6 10. Nxh5 Nxh5 11. Qxh5+ Kf8 12. Bh6 Bxh6 13. Qxh6+ Kf7 14. Be2 Bd7 15. c5 Ng6 16. c6 bxc6 17. dxc6 Be6 18. exf5 Bxf5 19. Bc4+ Be6 20. Bxe6+ Kxe6 21. Qh3+ Kf7 22. Nd5 Rb8 23. b4 Nf4 24. Qf5+ Kg7 25. Nxf4 exf4 26. Qg4+ Kf7 27. Rh5 Rxb4 28. Rf5+ Ke8 29. Qh5+ 1-0

[Event "Southwest op 84th"]
[Site "Irving"]
[Date "2018.09.03"]
[Round "8"]
[White "Kovalyov, Anton"]
[Black "Hilby, Craig"]
[Result "0-1"]
[WhiteElo "2644"]
[BlackElo "2420"]
[PlyCount "59"]
[EventDate "2018.08.30"]
[EventType "swiss"]
[EventRounds "9"]
[EventCountry "USA"]
[SourceTitle "CBM 186 Extra"]
[Source "ChessBase"]
[SourceDate "2018.08.24"]
[SourceVersion "1"]
[SourceVersionDate "2018.08.24"]
[SourceQuality "1"]

1. c4 Nf6 2. Nf3 g6 3. Nc3 d5 4. cxd5 Nxd5 5. Qb3 Nb6 6. d4 Bg7 7. Bf4 Be6 8. Qa3 c5 9. Qxc5 Nc6 10. e4 Rc8 11. Qa3 Nxd4 12. 0-0-0 0-0 13. e5 Nc4 14. Qxa7 Qc7 15. Rxd4 Ra8 16. Rxc4 Bxc4 17. Qe3 Bxa2 18. Kc2 Rfc8 19. Nd4 Qa5 20. Bd3 Qa4+ 21. Kc1 Qb4 22. Be4 Bd5 23. Bxd5 Ra1+ 24. Kc2 Rxh1 25. Bg3 Qa4+ 26. Nb3 Qa2 27. Nc5 Qa5 28. b4 Qxb4 29. Nb3 e6 30. Bf3 0-1

[Event "Southwest op 84th"]
[Site "Irving"]
[Date "2018.09.01"]
[Round "4"]
[White "Kovalyov, Anton"]
[Black "Javakhadze, Zurab"]
[Result "1-0"]
[WhiteElo "2644"]
[BlackElo "2438"]
[PlyCount "87"]
[EventDate "2018.08.30"]
[EventType "swiss"]
[EventRounds "9"]
[EventCountry "USA"]
[SourceTitle "CBM 186 Extra"]
[Source "ChessBase"]
[SourceDate "2018.08.24"]
[SourceVersion "1"]
[SourceVersionDate "2018.08.24"]
[SourceQuality "1"]

1. c4 e6 2. g3 d5 3. Bg2 Nf6 4. Nf3 Be7 5. 0-0 0-0 6. b3 b6 7. Bb2 Bb7 8. e3 Nbd7 9. Nc3 Ne4 10. cxd5 exd5 11. Ne2 Bf6 12. Bxf6 Ndxf6 13. d3 Nd6 14. Nf4 c5 15. Rc1 Rc8 16. Ne5 Qe7 17. Ng4 Nde8 18. Re1 Nxg4 19. Qxg4 Nf6 20. Qf5 Rfd8 21. h4 h6 22. h5 Rc7 23. d4 Rdc8 24. Nxd5 Bxd5 25. Bxd5 Qd8 26. Bf3 cxd4 27. Rxc7 Rxc7 28. exd4 Qxd4 29. Rd1 Rc5 30. Qb1 Qe5 31. Rd8+ Ne8 32. Kg2 Rc7 33. Qd3 Qe7 34. Ra8 Kf8 35. Qb5 Rc5 36. Qa4 Ra5 37. Qf4 Re5 38. Rxa7 Qxa7 39. Qxe5 Qxa2 40. Bc6 Nf6 41. Qb8+ Ke7 42. Qc7+ Ke6 43. Qxb6 Qd2 44. Bd5+ 1-0

[Event "World op 46th"]
[Site "Philadelphia"]
[Date "2018.07.08"]
[Round "8"]
[White "Li, Ruifeng"]
[Black "Kovalyov, Anton"]
[Result "1/2-1/2"]
[WhiteElo "2583"]
[BlackElo "2658"]
[PlyCount "87"]
[EventDate "2018.07.04"]
[EventType "swiss"]
[EventRounds "9"]
[EventCountry "USA"]
[SourceTitle "CBM 185 Extra"]
[Source "ChessBase"]
[SourceDate "2018.07.29"]
[SourceVersion "1"]
[SourceVersionDate "2018.07.29"]
[SourceQuality "1"]

1. e4 c5 2. Nc3 a6 3. g3 b5 4. Bg2 Bb7 5. d3 e6 6. f4 Be7 7. Nh3 b4 8. Ne2 Nf6 9. 0-0 d6 10. Nf2 Nc6 11. c3 bxc3 12. bxc3 0-0 13. Rb1 Qc7 14. g4 Nd7 15. g5 Nd8 16. Ng3 Re8 17. Ng4 Bc6 18. Rb2 Rb8 19. Rbf2 Qa5 20. f5 Qxc3 21. f6 Bf8 22. fxg7 Bxg7 23. Nf6+ Bxf6 24. gxf6 Kh8 25. Bh6 Rg8 26. Nh5 Rg6 27. Bg7+ Kg8 28. Nf4 Rxg7 29. fxg7 Qxg7 30. Rf3 Kf8 31. Rg3 Qd4+ 32. Kh1 Rb2 33. Qh5 Rf2 34. Qh6+ Ke7 35. Rxf2 Qxf2 36. Rf3 Qxa2 37. Qh4+ Ke8 38. Rf1 Ne5 39. Qxh7 Bb5 40. h4 Nxd3 41. Nh3 Ne5 42. Rg1 Qd2 43. h5 f6 44. Qg7 1/2-1/2

[Event "World op 46th"]
[Site "Philadelphia"]
[Date "2018.07.06"]
[Round "4"]
[White "O Connor, Derek"]
[Black "Kovalyov, Anton"]
[Result "0-1"]
[WhiteElo "2215"]
[BlackElo "2658"]
[PlyCount "108"]
[EventDate "2018.07.04"]
[EventType "swiss"]
[EventRounds "9"]
[EventCountry "USA"]
[SourceTitle "CBM 185 Extra"]
[Source "ChessBase"]
[SourceDate "2018.07.29"]
[SourceVersion "1"]
[SourceVersionDate "2018.07.29"]
[SourceQuality "1"]

1. d4 Nf6 2. c4 e6 3. Nc3 Bb4 4. Qc2 c5 5. dxc5 Qc7 6. a3 Bxc5 7. Bg5 a6 8. Nf3 Be7 9. e3 d6 10. Be2 Nbd7 11. 0-0 b6 12. e4 Bb7 13. b4 0-0 14. Rfc1 Rac8 15. Nd2 Rfe8 16. Bf4 Ne5 17. Qb3 Nfd7 18. Rc2 Qb8 19. Rd1 Qa8 20. Be3 Bc6 21. f3 Qb8 22. Rdc1 Bb7 23. Na4 Bd8 24. Nc3 Ng6 25. g3 h5 26. f4 h4 27. Bf3 Nf6 28. Nd1 b5 29. c5 dxc5 30. Bxc5 hxg3 31. hxg3 e5 32. f5 Nf8 33. Nf2 Be7 34. Nd3 N8h7 35. Bxe7 Rxc2 36. Qxc2 Rxe7 37. Nc5 Ng5 38. Nxb7 Qxb7 39. Qc8+ Qxc8 40. Rxc8+ Kh7 41. Rc3 Kh6 42. Kg2 Rd7 43. Nb3 Ngxe4 44. Bxe4 Nxe4 45. Re3 Nf6 46. Kh3 Rd5 47. Nc5 Kh5 48. Nxa6 Rd2 49. g4+ Nxg4 50. Rb3 e4 51. Nc5 e3 52. Ne4 e2 53. Ng3+ Kg5 54. Ne4+ Kf4 0-1

[Event "Philadelphia int op 12th"]
[Site "Philadelphia"]
[Date "2018.07.02"]
[Round "8"]
[White "Sadorra, Julio Catalino"]
[Black "Kovalyov, Anton"]
[Result "1-0"]
[WhiteElo "2546"]
[BlackElo "2651"]
[PlyCount "101"]
[EventDate "2018.06.28"]
[EventType "swiss"]
[EventRounds "9"]
[EventCountry "USA"]
[SourceTitle "CBM 185 Extra"]
[Source "ChessBase"]
[SourceDate "2018.07.29"]
[SourceVersion "1"]
[SourceVersionDate "2018.07.29"]
[SourceQuality "1"]

1. Nf3 Nf6 2. g3 d5 3. Bg2 e6 4. 0-0 Be7 5. c4 0-0 6. b3 b6 7. Bb2 Bb7 8. e3 Nbd7 9. Nc3 c5 10. Qe2 dxc4 11. bxc4 a6 12. d3 Rb8 13. a4 Qc7 14. Ne1 Ne5 15. f4 Nc6 16. g4 Rbd8 17. g5 Ne8 18. Ne4 Nb4 19. Ra3 Qd7 20. h4 Bc6 21. h5 b5 22. axb5 axb5 23. Nd2 Bxg2 24. Qxg2 Nd6 25. h6 g6 26. Ndf3 Nc6 27. cxb5 Nxb5 28. Ra1 Nd6 29. Nh2 Nf5 30. Ng4 e5 31. Bxe5 Nxe5 32. Nxe5 Qe6 33. Nc2 Bxg5 34. e4 Bxh6 35. exf5 Qxf5 36. Ne3 Qh5 37. N3g4 Bg7 38. Ra7 Rd4 39. Nd7 Rd6 40. Nxf8 Bd4+ 41. Nf2 Kxf8 42. Qh2 Qg4+ 43. Kh1 Qe2 44. Qh6+ Ke8 45. Ra8+ Kd7 46. Qh3+ Re6 47. Ne4 Kc7 48. Ra7+ Kb8 49. Rxf7 g5 50. Rb1+ Ka8 51. Rf8+ 1-0

[Event "Philadelphia int op 12th"]
[Site "Philadelphia"]
[Date "2018.06.30"]
[Round "5"]
[White "Kovalyov, Anton"]
[Black "Puranik, Abhimanyu Sameer"]
[Result "1/2-1/2"]
[WhiteElo "2651"]
[BlackElo "2507"]
[PlyCount "77"]
[EventDate "2018.06.28"]
[EventType "swiss"]
[EventRounds "9"]
[EventCountry "USA"]
[SourceTitle "CBM 185 Extra"]
[Source "ChessBase"]
[SourceDate "2018.07.29"]
[SourceVersion "1"]
[SourceVersionDate "2018.07.29"]
[SourceQuality "1"]

1. c4 Nf6 2. Nf3 g6 3. d4 Bg7 4. e3 0-0 5. Be2 d5 6. cxd5 Nxd5 7. e4 Nb6 8. a4 a5 9. Be3 Nc6 10. 0-0 f5 11. exf5 Bxf5 12. Nc3 Nb4 13. Rc1 c6 14. Qb3+ Kh8 15. Ne5 N6d5 16. Nxd5 Be6 17. Bg5 Bxd5 18. Qh3 Kg8 19. Rc3 Qd6 20. Qh4 Bxe5 21. dxe5 Qxe5 22. Re3 Qxb2 23. Rxe7 Rf7 24. Rxf7 Bxf7 25. Bf6 Qd2 26. Ba1 Nd5 27. Bf3 Qf4 28. Qh3 Re8 29. Bxd5 cxd5 30. Qc3 d4 31. Qxa5 Bc4 32. Re1 Rxe1+ 33. Qxe1 Kf7 34. h3 Bd5 35. f3 Qe3+ 36. Qxe3 dxe3 37. Bd4 e2 38. Kf2 Bc6 39. Kxe2 1/2-1/2

[Event "Edmonton 13th"]
[Site "Edmonton"]
[Date "2018.06.20"]
[Round "2"]
[White "Kleinman, Michael"]
[Black "Kovalyov, Anton"]
[Result "0-1"]
[WhiteElo "2394"]
[BlackElo "2651"]
[PlyCount "76"]
[EventDate "2018.06.19"]
[EventType "tourn"]
[EventRounds "9"]
[EventCountry "CAN"]
[EventCategory "6"]
[SourceTitle "EXT 2019"]
[Source "ChessBase"]
[SourceDate "2018.10.10"]
[SourceVersion "1"]
[SourceVersionDate "2018.10.10"]
[SourceQuality "1"]

1. e4 c5 2. Nf3 d6 3. Bb5+ Bd7 4. Bxd7+ Nxd7 5. 0-0 Ngf6 6. Qe2 Qc7 7. Rd1 Rc8 8. d3 e6 9. Nbd2 Be7 10. Nf1 0-0 11. c3 Rfd8 12. Ng3 h6 13. h3 Bf8 14. Kf1 b5 15. Be3 Qb7 16. Bf4 e5 17. Bd2 c4 18. d4 exd4 19. cxd4 Re8 20. Re1 Re6 21. e5 Rce8 22. Bc3 Nd5 23. Qc2 dxe5 24. dxe5 Nc5 25. Qf5 Nd3 26. Re2 g6 27. Qe4 f5 28. Nxf5 gxf5 29. Qxf5 Bg7 30. Bd4 N5f4 31. Re3 Rf8 32. Qe4 Nd5 33. Rxd3 cxd3 34. Rc1 Qd7 35. Qxd3 Nf4 36. Qe4 Qf7 37. Nh4 Bxe5 38. Bxe5 Ng6 0-1

[Event "Chicago op 27th"]
[Site "Chicago"]
[Date "2018.05.27"]
[Round "7"]
[White "Kovalyov, Anton"]
[Black "Bora, Safal"]
[Result "1-0"]
[WhiteElo "2660"]
[BlackElo "2385"]
[PlyCount "78"]
[EventDate "2018.05.24"]
[EventType "swiss"]
[EventRounds "9"]
[EventCountry "USA"]
[SourceTitle "CBM 184 Extra"]
[Source "ChessBase"]
[SourceDate "2018.06.28"]
[SourceVersion "1"]
[SourceVersionDate "2018.06.28"]
[SourceQuality "1"]

1. c4 g6 2. Nc3 c5 3. d4 cxd4 4. Qxd4 Nf6 5. e4 Nc6 6. Qd2 Bg7 7. Rb1 0-0 8. Nf3 e6 9. Bd3 d5 10. 0-0 d4 11. Na4 a5 12. c5 e5 13. Nb6 Ra7 14. a3 Bg4 15. b4 axb4 16. axb4 Bxf3 17. gxf3 Nd7 18. Nd5 Nf6 19. Bc4 Ne7 20. Nxf6+ Bxf6 21. f4 Nc6 22. Rb3 Qd7 23. f5 Kh8 24. Qh6 Rg8 25. Kh1 Qe7 26. fxg6 Rxg6 27. Qh5 Qe8 28. b5 Nd8 29. Rh3 Qg8 30. f4 exf4 31. Bxf4 Ne6 32. Be5 Bg7 33. Rg3 Rxg3 34. hxg3 Bxe5 35. Qxe5+ Ng7 36. Rxf7 Ra8 37. Rxb7 Qf8 38. Rf7 Qg8 39. Ra7 Rf8 1-0

[Event "Chicago op 27th"]
[Site "Chicago"]
[Date "2018.05.26"]
[Round "4"]
[White "Kovalyov, Anton"]
[Black "Hong, Andrew Z"]
[Result "1-0"]
[WhiteElo "2660"]
[BlackElo "2395"]
[PlyCount "171"]
[EventDate "2018.05.24"]
[EventType "swiss"]
[EventRounds "9"]
[EventCountry "USA"]
[SourceTitle "CBM 184 Extra"]
[Source "ChessBase"]
[SourceDate "2018.06.28"]
[SourceVersion "1"]
[SourceVersionDate "2018.06.28"]
[SourceQuality "1"]

1. c4 e6 2. g3 d5 3. Bg2 Nf6 4. Nf3 dxc4 5. Qa4+ Nbd7 6. Qxc4 a6 7. Qb3 Rb8 8. a4 b5 9. axb5 axb5 10. Nc3 c5 11. d3 Qb6 12. 0-0 Bb7 13. Be3 Be7 14. Bf4 Bd6 15. Bxd6 Qxd6 16. Ra5 b4 17. Nb1 0-0 18. Nbd2 Ra8 19. Rfa1 Rxa5 20. Rxa5 Ra8 21. Rxa8+ Bxa8 22. Qa4 Bb7 23. Nc4 Qa6 24. Qxa6 Bxa6 25. Nfd2 Kf8 26. Kf1 Ke7 27. Ke1 Nd5 28. Kd1 Bb5 29. Kc2 Ba4+ 30. Kc1 Bb5 31. h3 h6 32. Na5 Kd6 33. Ndc4+ Ke7 34. Kc2 Ba4+ 35. Kd2 Bb5 36. f4 g6 37. Bf3 h5 38. e3 N5b6 39. Bb7 Bxc4 40. dxc4 f5 41. e4 Nb8 42. e5 Kd7 43. Bf3 Kc7 44. Kc2 Nc8 45. Kb3 Kb6 46. Nb7 Nd7 47. Nd8 Nf8 48. Ka4 Ne7 49. Bg2 Nc8 50. Nc6 Nd7 51. Kb3 Kc7 52. Kc2 Ndb6 53. Na5 Nd7 54. Bc6 Nf8 55. Be8 Ne7 56. Kb3 Kb6 57. Ka4 Nh7 58. Nb3 Nf8 59. Nd2 Ng8 60. Nf3 Ka6 61. Nh4 Ne7 62. Bf7 Nc6 63. Kb3 Ne7 64. Ka4 Nc6 65. Nf3 Kb6 66. Be8 Na5 67. Bb5 Nh7 68. h4 Nf8 69. Ng5 Nb7 70. Nf7 Kc7 71. Ba6 Nd8 72. Nxd8 Kxd8 73. Kb5 Nd7 74. Bb7 Nb8 75. Kxc5 Kc7 76. Bf3 b3 77. Kb5 Nd7 78. c5 Nf8 79. Bd1 Kb7 80. Bxb3 g5 81. hxg5 Ng6 82. Bxe6 h4 83. Bxf5 hxg3 84. Bxg6 g2 85. Be4+ Ka7 86. Bxg2 1-0

[Event "Dallas Fall op"]
[Site "Dallas"]
[Date "2017.11.19"]
[Round "4"]
[White "Hernandez Carmenates, Holden"]
[Black "Kovalyov, Anton"]
[Result "1/2-1/2"]
[WhiteElo "2462"]
[BlackElo "2664"]
[PlyCount "41"]
[EventDate "2017.11.17"]
[EventType "swiss"]
[EventRounds "9"]
[EventCountry "USA"]
[SourceTitle "CBM 181 Extra"]
[Source "ChessBase"]
[SourceDate "2017.12.12"]
[SourceVersion "1"]
[SourceVersionDate "2017.12.12"]
[SourceQuality "1"]

1. d4 Nf6 2. c4 e6 3. Nf3 b6 4. g3 c6 5. Bg2 d5 6. Qa4 a6 7. Bg5 Be7 8. Ne5 0-0 9. cxd5 cxd5 10. 0-0 Bb7 11. Rc1 h6 12. Bf4 Nh5 13. Bd2 Nf6 14. Bf4 Nh5 15. Bd2 Nf6 16. Bb4 Bxb4 17. Qxb4 Nfd7 18. Nxd7 Nxd7 19. Qd6 Nf6 20. Qxd8 Rfxd8 21. Nd2 1/2-1/2

[Event "Dallas Fall op"]
[Site "Dallas"]
[Date "2017.11.18"]
[Round "2"]
[White "Kovalyov, Anton"]
[Black "Drozdowski, Kacper"]
[Result "1-0"]
[WhiteElo "2664"]
[BlackElo "2467"]
[PlyCount "89"]
[EventDate "2017.11.17"]
[EventType "swiss"]
[EventRounds "9"]
[EventCountry "USA"]
[SourceTitle "CBM 181 Extra"]
[Source "ChessBase"]
[SourceDate "2017.12.12"]
[SourceVersion "1"]
[SourceVersionDate "2017.12.12"]
[SourceQuality "1"]

1. c4 e6 2. g3 d5 3. Bg2 dxc4 4. Qa4+ Nd7 5. Qxc4 Ngf6 6. Nf3 a6 7. Qc2 c5 8. Nc3 Bd6 9. a4 0-0 10. 0-0 h6 11. d4 Qe7 12. Rd1 Rd8 13. h3 cxd4 14. Nxd4 Nf8 15. Be3 Rb8 16. Nb3 e5 17. Ba7 Ra8 18. Bb6 Re8 19. Qd3 Bb4 20. Bd8 Qe6 21. Bxf6 Bxc3 22. Qxc3 Qxf6 23. Nc5 Qe7 24. Ne4 Rb8 25. Rac1 Bd7 26. Nd6 Bxa4 27. b3 Red8 28. Nxf7 Qxf7 29. bxa4 Rxd1+ 30. Rxd1 Qe7 31. Rd5 Re8 32. a5 Kh8 33. Rc5 e4 34. e3 Nh7 35. Rc7 Qf6 36. Bxe4 Rxe4 37. Rc8+ Nf8 38. Qxf6 gxf6 39. Rxf8+ Kg7 40. Rc8 Rb4 41. Rc5 Kg6 42. g4 Rb5 43. Rxb5 axb5 44. Kf1 Kg5 45. f4+ 1-0

[Event "Dallas Fall op"]
[Site "Dallas"]
[Date "2017.11.18"]
[Round "3"]
[White "Kovalyov, Anton"]
[Black "Nakar, Eylon"]
[Result "1/2-1/2"]
[WhiteElo "2664"]
[BlackElo "2451"]
[PlyCount "117"]
[EventDate "2017.11.17"]
[EventType "swiss"]
[EventRounds "9"]
[EventCountry "USA"]
[SourceTitle "CBM 181 Extra"]
[Source "ChessBase"]
[SourceDate "2017.12.12"]
[SourceVersion "1"]
[SourceVersionDate "2017.12.12"]
[SourceQuality "1"]

1. c4 Nf6 2. Nf3 e6 3. g3 d5 4. Bg2 dxc4 5. Qa4+ Bd7 6. Qxc4 c5 7. Ne5 Qc8 8. Qd3 Nc6 9. Nxd7 Qxd7 10. Qxd7+ Kxd7 11. Nc3 Be7 12. b3 Rac8 13. e3 Rhd8 14. Ke2 Ke8 15. Rd1 b6 16. Bb2 Kf8 17. h3 Nb4 18. d3 Nfd5 19. Nxd5 Nxd5 20. Rac1 Bf6 21. Bxf6 Nxf6 22. Rc4 Rc7 23. b4 Rdc8 24. Rdc1 Ne8 25. bxc5 Rxc5 26. Rxc5 Rxc5 27. Rxc5 bxc5 28. Kd2 Ke7 29. Kc3 Kd6 30. Kc4 Nc7 31. Bb7 g5 32. a3 h6 33. Bf3 f6 34. Bb7 Ne8 35. Bh1 Nc7 36. Bg2 Ne8 37. d4 cxd4 38. Kxd4 Nc7 39. Kc4 Na6 40. f4 Nc7 41. Bf3 Ne8 42. a4 Nc7 43. a5 Na6 44. Bb7 Nc7 45. e4 gxf4 46. gxf4 e5 47. f5 Ne8 48. Bd5 Nc7 49. Bb7 Ne8 50. Kb5 Nc7+ 51. Kb4 Ne8 52. Bd5 Nc7 53. Bc4 Ne8 54. Bb5 Nc7 55. h4 Na8 56. Kc4 Nc7 57. Kb4 Na8 58. Kc4 Nc7 59. Kb4 1/2-1/2

[Event "Texas Collegiate Super Finals"]
[Site "Brownsville"]
[Date "2017.10.22"]
[Round "4.3"]
[White "Baryshpolets, Andrey"]
[Black "Kovalyov, Anton"]
[Result "1/2-1/2"]
[WhiteElo "2580"]
[BlackElo "2663"]
[PlyCount "22"]
[EventDate "2017.10.21"]
[EventType "team-tourn"]
[EventRounds "4"]
[EventCountry "USA"]
[SourceTitle "CBM 181 Extra"]
[Source "ChessBase"]
[SourceDate "2017.12.12"]
[SourceVersion "1"]
[SourceVersionDate "2017.12.12"]
[SourceQuality "1"]
[WhiteTeam "Texas Tech Univ"]
[BlackTeam "Texas Dallas Univ"]
[WhiteTeamCountry "USA"]
[BlackTeamCountry "USA"]

1. d4 Nf6 2. c4 e6 3. g3 d5 4. Bg2 Be7 5. Nf3 0-0 6. 0-0 c6 7. Nc3 Nbd7 8. Bf4 Nh5 9. Bc1 Nhf6 10. Bf4 Nh5 11. Bc1 Nhf6 1/2-1/2

[Event "FIDE World Cup"]
[Site "Tbilisi"]
[Date "2017.09.03"]
[Round "1.1"]
[White "Akobian, Varuzhan"]
[Black "Kovalyov, Anton"]
[Result "0-1"]
[WhiteElo "2662"]
[BlackElo "2641"]
[PlyCount "122"]
[EventDate "2017.09.03"]
[EventType "k.o."]
[EventRounds "7"]
[EventCountry "GEO"]
[SourceTitle "CBM 181"]
[Source "ChessBase"]
[SourceDate "2017.11.10"]
[SourceVersion "1"]
[SourceVersionDate "2017.11.10"]
[SourceQuality "1"]

1. d4 Nf6 2. c4 e6 3. Nf3 d5 4. Nc3 dxc4 5. e3 a6 6. a4 c5 7. Bxc4 Nc6 8. 0-0 Be7 9. dxc5 Bxc5 10. Qe2 Qc7 11. h3 0-0 12. Rd1 b6 13. e4 Nd7 14. Be3 Bxe3 15. Qxe3 Nb4 16. Qe2 Bb7 17. Rac1 Nc5 18. Qe3 Rad8 19. Be2 Rxd1+ 20. Rxd1 h6 21. Qd4 Nc6 22. Qc4 Na5 23. Qd4 Nc6 24. Qc4 a5 25. g3 Rd8 26. Rxd8+ Qxd8 27. Kf1 Ba6 28. Nb5 Nb4 29. b3 Qf6 30. e5 Qf5 31. Kg2 Bb7 32. Nd6 Bxf3+ 33. Bxf3 Qxe5 34. Ne4 Nbd3 35. Nxc5 Ne1+ 36. Kh1 bxc5 37. Be4 f5 38. Bc6 Qd6 39. Qb5 Nd3 40. f4 g5 41. Bf3 gxf4 42. Qe8+ Kg7 43. Bh5 Qd5+ 44. Kh2 fxg3+ 45. Kxg3 Qd6+ 46. Kf3 Ne5+ 47. Ke2 Qd3+ 48. Ke1 Qe3+ 49. Kf1 Qxh3+ 50. Kg1 Qg3+ 51. Kf1 Qd3+ 52. Ke1 Qd6 53. Be2 f4 54. Qa8 Qd5 55. Qxa5 f3 56. Bb5 Qe4+ 57. Kd2 Qd4+ 58. Kc2 c4 59. bxc4 f2 60. Qc7+ Kf6 61. c5 Nc4 0-1

[Event "ESP-chT CECLUB Honor"]
[Site "Linares"]
[Date "2017.08.19"]
[Round "6.4"]
[White "Kovalyov, Anton"]
[Black "Rakhmanov, Alexander"]
[Result "1/2-1/2"]
[WhiteElo "2641"]
[BlackElo "2663"]
[PlyCount "119"]
[EventDate "2017.08.14"]
[EventType "team-tourn"]
[EventRounds "7"]
[EventCountry "ESP"]
[SourceTitle "CBM 180 Extra"]
[Source "ChessBase"]
[SourceDate "2017.10.06"]
[SourceVersion "1"]
[SourceVersionDate "2017.10.06"]
[SourceQuality "1"]
[WhiteTeam "Equigoma Social Catolica"]
[BlackTeam "Barcelona Escola Escacs"]
[WhiteTeamCountry "ESP"]
[BlackTeamCountry "ESP"]

1. c4 d6 2. Nc3 e5 3. g3 Nf6 4. Bg2 Be7 5. Nf3 c6 6. 0-0 0-0 7. d3 h6 8. Rb1 Be6 9. b3 Nbd7 10. e4 Nh7 11. d4 Bg4 12. h3 Bh5 13. d5 Ng5 14. h4 Nxf3+ 15. Bxf3 Bg6 16. Kg2 Kh8 17. Re1 c5 18. Bg4 f5 19. Bxf5 Bxf5 20. exf5 Rxf5 21. Qg4 Rf8 22. Be3 b6 23. a3 Nf6 24. Qe6 Qd7 25. Qxd7 Nxd7 26. Rec1 Rfc8 27. Ne4 Nf6 28. Nxf6 Bxf6 29. b4 cxb4 30. axb4 Rc7 31. c5 bxc5 32. bxc5 dxc5 33. d6 Rc6 34. Bxc5 Rac8 35. Ba3 Rxc1 36. Bxc1 Kg8 37. Be3 Rc6 38. d7 Rd6 39. Rb7 Bd8 40. Rxa7 Kf7 41. Kf3 Ke6 42. Kg4 Rxd7 43. Rxd7 Kxd7 44. Kf5 Ke7 45. Kg6 Kf8 46. Bc5+ Kg8 47. Bd6 e4 48. Bf4 Ba5 49. h5 Bc3 50. g4 Bb2 51. Kf5 Kf7 52. Be5 Bc1 53. Kxe4 Bd2 54. Kf5 Be1 55. Bd4 Bd2 56. f4 Bc1 57. g5 hxg5 58. fxg5 g6+ 59. hxg6+ Kg8 60. Be3 1/2-1/2

[Event "American Continental 13th"]
[Site "Medellin"]
[Date "2017.06.16"]
[Round "9"]
[White "Kovalyov, Anton"]
[Black "Erenburg, Sergey"]
[Result "1/2-1/2"]
[WhiteElo "2643"]
[BlackElo "2550"]
[PlyCount "61"]
[EventDate "2017.06.10"]
[EventType "swiss"]
[EventRounds "11"]
[EventCountry "COL"]
[SourceTitle "CBM 178 Extra"]
[Source "ChessBase"]
[SourceDate "2017.06.22"]
[SourceVersion "1"]
[SourceVersionDate "2017.06.22"]
[SourceQuality "1"]

1. c4 c6 2. d4 d5 3. Nf3 Nf6 4. e3 a6 5. Nbd2 Bf5 6. Nh4 Be4 7. Qb3 Ra7 8. Nxe4 dxe4 9. Nf5 e6 10. Ng3 c5 11. dxc5 Nbd7 12. Qa4 Bxc5 13. Bd2 0-0 14. Bc3 Bd6 15. Qc2 Be5 16. Be2 Qc7 17. 0-0 Raa8 18. Rfd1 Bxc3 19. Qxc3 a5 20. b3 Rfc8 21. Rac1 b6 22. a3 h6 23. b4 axb4 24. axb4 Ra4 25. Ra1 Rxa1 26. Rxa1 Ne5 27. Rc1 Rd8 28. h3 Nd3 29. Rd1 Nd5 30. Qd2 Nf6 31. Qc3 1/2-1/2